|
|
|
|
| LEADER |
00678cam a2200193 7i4500 |
| 001 |
0000002160 |
| 005 |
20200605090000.0 |
| 020 |
|
|
|a 0766836290
|
| 090 |
0 |
0 |
|a RT85
|b .B88 2002
|
| 100 |
1 |
|
|a Burkhardt, Margaret A
|
| 245 |
1 |
0 |
|a Ethics & issues in contemporary nursing
|c Margaret A. Burkhardt, Alvita K. Nathaniel.
|
| 246 |
3 |
|
|a Ethics and issues in contemporary nursing.
|
| 260 |
|
|
|a Australia:
|b Delmar/Thomson Learning,
|c 2002.
|
| 300 |
|
|
|a xvi, 439 p.;
|c 24 cm.
|
| 504 |
|
|
|a Includes bibliographical references and index
|
| 650 |
0 |
0 |
|a Nursing ethics
|
| 700 |
1 |
|
|a Nathaniel, Alvita K
|
| 997 |
|
|
|a Health Sciences, Faculty
|
| 999 |
|
|
|a 0000011039
|b BOK
|c OPEN SHELF
|e 1st Floor, Shah Alam
|